000 004590000a22001690004500
041 0 _aSPA
082 0 4 _aG 278.61 M9719r
100 1 _aMuñoz Uribe, Gabriel
245 1 0 _aLa libertad religiosa en Colombia : Hacia dónde vamos? / Gabriel Muñoz Uribe
260 _aBogotá, Colombia :
300 _a119 Pag
001 8583
942 _cBK
999 _c38719
_d38719
336 _atexto
_btxt
_2rdacontent
337 _2rdamedia
_asin mediación
_bn
338 _2rdacarrier
_avolumen
_bnc